000
00216nam a2200097Ia 4500
008
170619s9999 xx 000 0 und d
100
_a
Singh S.N.
245
0
_a
Basic Electrical Engineering
260
_b
PHI
260
_c
2011
546
_a
ENGLISH
999
_c
19947
_d
19947